Normal view
MARC view
- GLASS REINFORCED PLASTICS5ENGINEERING PLASTICS
Entry Topical Term
001 - CONTROL NUMBER
- control field: 56057
003 - CONTROL NUMBER IDENTIFIER
- control field: NUST
005 - DATE AND TIME OF LATEST TRANSACTION
- control field: 20210628201625.0
008 - FIXED-LENGTH DATA ELEMENTS
- fixed length control field: 210628|| aca||aabn | a|a d
040 ## - CATALOGING SOURCE
- Original cataloging agency: NUST
- Transcribing agency: NUST
150 ## - HEADING--TOPICAL TERM
- Topical term or geographic name entry element: GLASS REINFORCED PLASTICS5ENGINEERING PLASTICS
670 ## - SOURCE DATA FOUND
- Source citation: Work cat.: (NUST): Cheremisinoff, Nicholas.P Cheremisinoff, Paul.N 56056, Fiber glass reinforced plastics, 1995
